00700 a2200181 45000010006000000050017000060080041000230030015000640400040000790800085001192450063002042640035002673000019003025050142003210410008004631000024004717000023004956392920260521160826.0260521a1974 arg spa dAR-UNSa-BCEJYS aAR-UNSa-BCEJYSbspacAR-UNSa-BCEJYS a658.114xFormas de empresas en general. Empresas privadas (Empresas conjuntas) 10aLas empresas de participación con inversores extranjeros 1aBuenos Aires :bPaidósc1974 a203 p.c22 cm. a1. Variables que afectan a las empresas conjuntas de participación - 2. Grado de participación en la propiedad y la dirección - 3.  aspa1 aBivens, Karen Kraus1 aLovell, Enid Baird